Statistiques concernant Poissons par jeux de mots d'Animal Crossing

Cliquez ici pour prendre le quiz!

Statistiques générales

  • Ce quiz a été pris 132 fois
  • Le résultat moyen est 8 sur 20

Statistiques - réponses

Indice
Réponse
% Correct
Si ton ____ tond ton tonton...Thon
89%
Tournée générale !Bar
84%
Mais où est son nez rouge ?Poisson-clown
75%
C'est la femelle du muroi !Murène
72%
Pourtant, les petits pois sont verts !Poisson rouge
63%
C'est toujours mieux qu'un crochet !Brochet
51%
Ça ne fait pas l'_____ d'un doute !Omble
48%
Il n'a pas l'air embarllé !Cardeau
44%
T'as vu ça ? Loin d'être immonde, hein ?Limande
41%
______ jour de chance !Saumon
40%
Elle est pantoise !Vandoise
28%
Il te faut une erpée, maintenant !Carpe
25%
De quoi illuminer la déco d'un bon appart !Napoléon
21%
Il irait bien sur mon chevet !Chevaine
20%
Il cherche la bagarre ?Combattant
13%
______ de manger!Silure
11%
Il n'est pas très rapide !Éperlan
10%
Le seigneur des poissons !Vivaneau
10%
Ça vaut mieux qu'un coup de soleil !Dorade
7%
Ce coin de rivière n'était pas désert !Gobie
4%

Distribution des résultats

Percentile par nombre de réponses

% des personnes avec chaque résultat

Votre développement - résultats

Vous n’avez pas pris ce quiz